000 00511 a2200157 4500
001 149554
040 _cEscola São Tomás de Aquino
100 _aRIOS, Rosana
240 1 0 _aO monstro monstruoso da caverna cavernosa
_lpor
245 1 0 _aO monstro monstruoso da caverna cavernosa
300 _a32
362 0 _a2010
440 1 _aDifusão Cultural do Livro
697 _aHistórias de bruxas, centauros, fadas, duendes, deuses, sereias, ogres, vampiros, feiticeiros, mágicos
942 _cBK
999 _c149554
_d149554